№ 2 (122); Справочник эколога

Bibliographic Details
Parent link:Справочник эколога. № 2 (122).— , 2013-.— 2309-6268
Summary:Текстовый файл
AM_alexhom
Language:Russian
Published: 2023
Online Access:https://kiosker.ru/publication/6-spravochnik-ekologa/issue/1004990/
Format: Electronic Book
KOHA link:https://koha.lib.tpu.ru/cgi-bin/koha/opac-detail.pl?biblionumber=590108

MARC

LEADER 00000nam2a2200000 4500
001 590108
005 20250114130718.0
035 |a (RuTPU)RU\TPU\prd\292843 
035 |a RU\TPU\prd\292842 
090 |a 590108 
100 |a 20230213d2023 km|y0rusy50 ca 
101 0 |a rus 
102 |a RU 
105 |a a z 001yy 
181 0 |a i   |b  e  
182 0 |a b 
183 0 |a cr  |2 RDAcarrier 
200 0 |a № 2 (122) 
203 |a Текст  |c электронный  |b визуальный 
210 |d 2023 
283 |a online_resource  |2 RDAcarrier 
336 |a Текстовый файл 
371 0 |a AM_alexhom 
461 1 |0 (RuTPU)RU\TPU\prd\288013  |t Справочник эколога  |d 2013-  |v № 2 (122)  |9 585563  |x 2309-6268 
801 2 |a RU  |b 63413507  |c 20230213  |g RCR 
856 4 |u https://kiosker.ru/publication/6-spravochnik-ekologa/issue/1004990/  |z https://kiosker.ru/publication/6-spravochnik-ekologa/issue/1004990/ 
942 |c CF